Introduction à la psychosociologie des organisations (Record no. 54569)

MARC details
000 -LEADER
fixed length control field 00742nam a22002297a 4500
007 - PHYSICAL DESCRIPTION FIXED FIELD--GENERAL INFORMATION
fixed length control field 00
008 - FIXED-LENGTH DATA ELEMENTS--GENERAL INFORMATION
fixed length control field 160614b xxu||||| |||| 00| 0 eng d
020 ## - INTERNATIONAL STANDARD BOOK NUMBER
International Standard Book Number 978-2-10-059880-9
040 ## - CATALOGING SOURCE
Original cataloging agency BUAC
Transcribing agency BUC
041 ## - LANGUAGE CODE
Language code of text/sound track or separate title Fre.
100 ## - MAIN ENTRY--PERSONAL NAME
Personal name Petit, François
245 ## - TITLE STATEMENT
Title Introduction à la psychosociologie des organisations
Statement of responsibility, etc / par François Petit, Michel Dubois
250 ## - EDITION STATEMENT
Edition statement 3e éd.
Remainder of edition statement entièrement revue et corrigée
260 ## - PUBLICATION, DISTRIBUTION, ETC. (IMPRINT)
Place of publication, distribution, etc Paris :
Name of publisher, distributor, etc Dunod,
Date of publication, distribution, etc 1998
300 ## - PHYSICAL DESCRIPTION
Extent 288 p.
Dimensions 24 cm.
440 ## - SERIES STATEMENT/ADDED ENTRY--TITLE
Title (Psycho Sup)
521 ## - TARGET AUDIENCE NOTE
Target audience note Bibliogr.pp.(269 - 278) Index des auteurs pp. (279 -283) et Index des matières pp.(285 - 288)
630 ## - SUBJECT ADDED ENTRY--UNIFORM TITLE
Uniform title PHILOSOPHIE-PSYCHOLOGIE
650 ## - SUBJECT ADDED ENTRY--TOPICAL TERM
Topical term or geographic name as entry element Pschologie Social
700 ## - ADDED ENTRY--PERSONAL NAME
Personal name Dubois, Michel
942 ## - ADDED ENTRY ELEMENTS (KOHA)
Item type Livre
Holdings
Withdrawn status Lost status Damaged status Not for loan Location (home branch) Sublocation or collection (holding branch) Date acquired Source of acquisition Coded location qualifier Koha issues (times borrowed) Koha full call number Piece designation (barcode) Koha date last seen Copy number Price effective from Koha item type Shelving location
        Bibliothèque Universitaire Centrale Bibliothèque Universitaire Centrale 11/06/2015 Don ARES 16/507   159.9:331 PET 16-507BUC 14/06/2016 1 14/06/2016 Livre  
        Bibliothèque Universitaire Centrale Bibliothèque Universitaire Centrale 11/06/2015 Don ARES 16/511   159.9:331 PET 16-511BUC 14/06/2016 1 14/06/2016 Livre  
        Bibliothèque Universitaire Centrale Bibliothèque Universitaire Centrale 07/01/2019 DON ARES 18/763   316.6 PET 18-763 Buc 07/01/2019 2 07/01/2019 Livre  


© 2008, Bibliothèques de l'Université d'Abomey-Calavi

04 BP 789 Cotonou, Tél. : +229 21 36 01 01, Fax : +229 21 35 06 32

Courriel : bu@bu.uac.bj